[Event "Graz Open A 2019"]
[Site "Graz AUT"]
[Date "2019.02.23"]
[Round "8.17"]
[White "Gazik, Igor"]
[Black "Perske, Thore"]
[Result "0-1"]
[WhiteTitle "IM"]
[BlackTitle "IM"]
[WhiteElo "2249"]
[BlackElo "2451"]
[WhiteFideId "14900149"]
[BlackFideId "12902195"]
[EventDate "2019.02.17"]

1. e4 e6 2. d4 d5 3. exd5 exd5 4. Nf3 Nc6 5. h3 Bd6 6. Bd3 Nge7 7. O-O Nb4 8.
Be2 O-O 9. c3 Nbc6 10. Bd3 Bf5 11. Bxf5 Nxf5 12. Qd3 Qd7 13. Nbd2 Rfe8 14. Nb3
a5 15. a4 h6 16. Bd2 Re4 17. Rfe1 Rae8 18. Qb5 b6 19. Kf1 Bf8 20. Rad1 Nd6 21.
Qd3 Nc4 22. Rxe4 Nxb2 23. Qb5 dxe4 24. Rb1 exf3 25. Rxb2 fxg2+ 26. Kxg2 Bd6 27.
d5 Ne5 28. Qxd7 Nxd7 29. Be3 Ne5 30. Nd2 Nd3 31. Ra2 Re5 32. c4 Bc5 33. Nf3 Re4
34. Rd2 Bxe3 35. fxe3 Rxe3 36. Nd4 Nc5 37. Nb5 Re7 38. d6 cxd6 39. Rxd6 Nxa4 40.
Nd4 g6 41. Nc6 Rc7 0-1

[Event "Graz Open A 2019"]
[Site "Graz AUT"]
[Date "2019.02.23"]
[Round "8.19"]
[White "Lin, Yi"]
[Black "Frank, Emanuel"]
[Result "1/2-1/2"]
[WhiteElo "2345"]
[BlackElo "2248"]
[WhiteFideId "8609659"]
[BlackFideId "1625624"]
[EventDate "2019.02.17"]

1. d4 d5 2. c4 e6 3. Nf3 Nf6 4. g3 Bb4+ 5. Bd2 Bd6 6. Bg2 c6 7. O-O Nbd7 8. Qc2
O-O 9. Bg5 h6 10. Bxf6 Nxf6 11. Nbd2 b6 12. e4 Be7 13. e5 Nd7 14. cxd5 cxd5 15.
Rfc1 Nb8 16. Bf1 Bd7 17. a3 a5 18. Qc7 Qxc7 19. Rxc7 Rc8 20. Rxc8+ Bxc8 21. Bb5
Bd7 22. Bxd7 Nxd7 23. Rc1 Kf8 24. a4 Ke8 25. g4 Nb8 26. Nb1 Kd7 27. Nc3 Nc6 28.
Nb5 Rc8 29. Kf1 Nb4 30. Rxc8 Kxc8 31. Ke2 Kd7 32. Ne1 f6 33. f4 g5 34. exf6 Bxf6
35. fxg5 hxg5 36. Nf3 Nc6 37. h3 1/2-1/2

[Event "Graz Open A 2019"]
[Site "Graz AUT"]
[Date "2019.02.23"]
[Round "8.23"]
[White "Szustakowski, Antoni"]
[Black "Poormosavi, Seyed Kian"]
[Result "1/2-1/2"]
[WhiteTitle "FM"]
[WhiteElo "2301"]
[BlackElo "2161"]
[WhiteFideId "1167677"]
[BlackFideId "12585807"]
[EventDate "2019.02.17"]

1. d4 Nf6 2. c4 e6 3. g3 d5 4. Bg2 Be7 5. Nf3 O-O 6. O-O dxc4 7. Ne5 Nc6 8. Nxc6
bxc6 9. Na3 Bxa3 10. bxa3 Ba6 11. Qd2 c3 12. Qxc3 Bxe2 13. Re1 Bb5 14. a4 Bxa4
15. Qa5 Bb5 16. a4 Bc4 17. Ba3 Re8 18. Bxc6 Bd5 19. Bxe8 Nxe8 20. Rac1 Qf6 21.
Qc3 g5 22. Re5 Nd6 23. Qxc7 Ne4 24. f4 gxf4 25. Be7 Qg6 26. Rxd5 exd5 27. Qb7
Re8 28. Rc8 f5 29. Qxd5+ Kg7 30. Qe5+ Kg8 31. Qd5+ Kg7 32. Qe5+ Kg8 33. Qd5+ Kg7
34. Qe5+ 1/2-1/2

[Event "Graz Open A 2019"]
[Site "Graz AUT"]
[Date "2019.02.23"]
[Round "8.32"]
[White "Sarvadh, Sathiaram"]
[Black "Cumming, Rhys"]
[Result "1-0"]
[WhiteElo "1970"]
[BlackElo "2225"]
[WhiteFideId "46636579"]
[BlackFideId "470163"]
[EventDate "2019.02.17"]

1. e4 e5 2. Nf3 Nc6 3. Bc4 Bc5 4. c3 Nf6 5. d4 exd4 6. e5 d5 7. Bb5 Ne4 8. cxd4
Bb6 9. h3 O-O 10. O-O f6 11. Bxc6 bxc6 12. Be3 f5 13. Qc1 Qe8 14. Nc3 f4 15.
Bxf4 Nxc3 16. bxc3 Bxh3 17. Ng5 Bg4 18. f3 Bc8 19. Be3 h6 20. Nh3 Bxh3 21. gxh3
Rf5 22. a4 Ba5 23. Ra2 Qh5 24. Rg2 Qxh3 25. Rh2 Qg3+ 26. Rg2 Qh3 27. Rh2 Qg3+
28. Rg2 Qh4 29. Rg4 Qh3 30. Rg2 Rxf3 31. Rxf3 Qxf3 32. Bxh6 Bxc3 33. Qg5 Bxd4+
34. Kh2 Qf7 35. Bxg7 Be3 36. Qxe3 Qh5+ 37. Qh3 Qxh3+ 38. Kxh3 Kf7 39. Bf6 c5 40.
Rg7+ Ke6 41. Kg4 d4 42. Rxc7 Kd5 43. Kf5 Re8 44. Be7 d3 45. Rxc5+ Kd4 46. Rc7 d2
47. Rd7+ Kc3 48. Bg5 1-0

[Event "Graz Open A 2019"]
[Site "Graz AUT"]
[Date "2019.02.24"]
[Round "9.1"]
[White "Gazik, Viktor"]
[Black "Sanal, Vahap"]
[Result "1-0"]
[WhiteTitle "IM"]
[BlackTitle "GM"]
[WhiteElo "2512"]
[BlackElo "2497"]
[WhiteFideId "14928752"]
[BlackFideId "6300545"]
[EventDate "2019.02.17"]

1. e4 e5 2. Nf3 Nc6 3. d4 exd4 4. Nxd4 Bc5 5. Nb3 Bb6 6. Nc3 Nf6 7. Qe2 O-O 8.
Be3 d5 9. O-O-O d4 10. Bg5 h6 11. Bh4 Re8 12. f3 Be6 13. Bf2 Bxb3 14. axb3 Ne5
15. Kb1 c6 16. g3 c5 17. Na4 Qc7 18. Bh3 Qc6 19. Rhf1 Bc7 20. f4 Ned7 21. e5 b5
22. Nxc5 Nxc5 23. Bxd4 Ne6 24. Bg1 Rad8 25. exf6 g6 26. Bg2 Qa6 27. Qg4 Nf8 28.
Qh4 Kh7 29. Rxd8 Bxd8 30. f5 g5 31. Qh5 Kg8 32. Bd5 Qxf6 33. Bd4 1-0

[Event "Graz Open A 2019"]
[Site "Graz AUT"]
[Date "2019.02.24"]
[Round "9.2"]
[White "Kryakvin, Dmitry"]
[Black "Loiseau, Quentin"]
[Result "1-0"]
[WhiteTitle "GM"]
[BlackTitle "IM"]
[WhiteElo "2588"]
[BlackElo "2452"]
[WhiteFideId "4153278"]
[BlackFideId "665274"]
[EventDate "2019.02.17"]

1. c4 c6 2. d4 d5 3. Nf3 Nf6 4. e3 Bf5 5. Nc3 e6 6. Nh4 Be4 7. f3 Bg6 8. Qb3 Qc7
9. Bd2 Be7 10. cxd5 cxd5 11. O-O-O a6 12. Nxg6 hxg6 13. Kb1 Nc6 14. Rc1 Rb8 15.
g3 Bd6 16. Bd3 O-O 17. Qd1 b5 18. g4 Qb7 19. g5 Nd7 20. h4 Nb4 21. Be2 Rfc8 22.
h5 gxh5 23. Rxh5 g6 24. Rh4 Kg7 25. e4 Nb6 26. b3 Rh8 27. Rh6 Nc6 28. Qh1 Nc4
29. bxc4 bxc4+ 30. Kc2 Nxd4+ 31. Kd1 Qb2 32. exd5 exd5 33. f4 Nxe2 34. Nxe2 Bb4
35. Be3 Rxh6 36. gxh6+ Kh7 37. Qxd5 Qf6 38. Qe5 Rd8+ 39. Kc2 Qxe5 40. fxe5 Rd5
41. Rf1 Kg8 42. Bd4 Bc5 43. Bc3 Be3 44. h7+ 1-0

[Event "Graz Open A 2019"]
[Site "Graz AUT"]
[Date "2019.02.24"]
[Round "9.3"]
[White "Sebenik, Matej"]
[Black "Turov, Maxim"]
[Result "1/2-1/2"]
[WhiteTitle "GM"]
[BlackTitle "GM"]
[WhiteElo "2542"]
[BlackElo "2585"]
[WhiteFideId "14602296"]
[BlackFideId "4120086"]
[EventDate "2019.02.17"]

1. d4 Nf6 2. c4 g6 3. g3 c5 4. dxc5 Qa5+ 5. Nc3 Bg7 6. Bg2 O-O 7. Qa4 Qxc5 8.
Be3 Qc7 9. Rc1 d6 10. Nf3 Bd7 11. Qa3 Nc6 12. O-O Qa5 13. Qxa5 Nxa5 14. b3 Rfc8
15. h3 Kf8 16. Rfd1 Ke8 17. Bd2 Nc6 18. Ne1 a6 19. Nd3 Nd8 20. e4 Bc6 21. Be3
Nd7 22. Nd5 Ne6 23. f4 Nd4 24. Kf2 Bxd5 25. cxd5 Nc2 26. Ke2 Nxe3 27. Kxe3 Kd8 1/2-1/2

[Event "Graz Open A 2019"]
[Site "Graz AUT"]
[Date "2019.02.24"]
[Round "9.4"]
[White "Ertan, Can"]
[Black "Istratescu, Andrei"]
[Result "0-1"]
[WhiteTitle "FM"]
[BlackTitle "GM"]
[WhiteElo "2405"]
[BlackElo "2555"]
[WhiteFideId "6306330"]
[BlackFideId "1200372"]
[EventDate "2019.02.17"]

1. e4 c5 2. Nf3 d6 3. d4 cxd4 4. Nxd4 Nf6 5. Nc3 a6 6. h3 e6 7. g4 h6 8. Bg2 g5
9. Be3 Nbd7 10. Qe2 Be7 11. O-O-O Qc7 12. h4 Rg8 13. hxg5 hxg5 14. f4 gxf4 15.
Bxf4 Ne5 16. g5 Nfd7 17. Rh6 Nf8 18. Nf5 Nfg6 19. Nxe7 Nxf4 20. Qd2 Qxe7 21.
Qxf4 Qxg5 22. Qxg5 Rxg5 23. Na4 Nd7 24. Bh3 b5 25. Nc3 Ke7 26. Rf1 Ne5 27. Ne2
Bd7 28. Nf4 Rag8 29. Nd3 Bc6 30. Rf4 Ng6 0-1

[Event "Graz Open A 2019"]
[Site "Graz AUT"]
[Date "2019.02.24"]
[Round "9.5"]
[White "Low, Zhen Yu Cyrus"]
[Black "Stefansson, Hannes"]
[Result "1/2-1/2"]
[WhiteTitle "IM"]
[BlackTitle "GM"]
[WhiteElo "2377"]
[BlackElo "2514"]
[WhiteFideId "5804175"]
[BlackFideId "2300087"]
[EventDate "2019.02.17"]

1. e4 e5 2. Nf3 Nc6 3. Bc4 Bc5 4. O-O Nf6 5. d3 O-O 6. h3 h6 7. Re1 d6 8. c3 a5
9. Nbd2 a4 10. Nf1 Bd7 11. d4 exd4 12. cxd4 Bb4 13. Bd2 Bxd2 14. Qxd2 Ne7 15.
Bd3 c6 16. Rac1 Qa5 17. Qe2 Ng6 18. Bb1 Rfe8 19. Ng3 Nh5 20. Nxh5 Qxh5 21. Nd2
Qxe2 22. Rxe2 b5 23. a3 Rac8 24. Nf3 Nf4 25. Rd2 Be6 26. Kh2 Bc4 27. g3 Ne6 28.
Nh4 g6 29. Bc2 d5 30. e5 c5 31. dxc5 Rxc5 32. Rcd1 Rec8 33. Nf3 Ba2 34. Ne1 g5
35. Bf5 Bb3 36. Nd3 Rc4 37. Re1 R8c7 38. Nb4 Nd4 39. Bg4 Nc2 40. Nxd5 Nxe1 41.
Nf6+ Kg7 42. Rd8 Nf3+ 43. Bxf3 Rc8 44. Nh5+ Kg6 45. Rd6+ Kf5 46. Rd5 R4c6 47.
g4+ Ke6 48. Ng7+ Ke7 49. Nf5+ Kf8 50. Rxb5 Rc2 51. Kg3 Rxb2 52. Rb6 Rd8 53. Rxh6
Kg8 54. Ne7+ Kg7 55. Nf5+ Kg8 56. Ne7+ 1/2-1/2

[Event "Graz Open A 2019"]
[Site "Graz AUT"]
[Date "2019.02.24"]
[Round "9.6"]
[White "Goh, Wei Ming Kevin"]
[Black "Teclaf, Pawel"]
[Result "1/2-1/2"]
[WhiteTitle "IM"]
[BlackTitle "CM"]
[WhiteElo "2477"]
[BlackElo "2450"]
[WhiteFideId "5800706"]
[BlackFideId "1185934"]
[EventDate "2019.02.17"]

1. e4 c5 2. Nf3 e6 3. g3 Nf6 4. e5 Nd5 5. Bg2 Nc6 6. O-O d6 7. exd6 Bxd6 8. d4
cxd4 9. Nxd4 O-O 10. Nxc6 bxc6 11. c4 Ne7 12. Nc3 Rb8 13. b3 Qc7 14. Bb2 Rd8 15.
Qe2 Nf5 16. Rad1 Ba6 17. Ne4 Be7 18. Rxd8+ Rxd8 19. Rd1 c5 20. Rxd8+ Qxd8 1/2-1/2

[Event "Graz Open A 2019"]
[Site "Graz AUT"]
[Date "2019.02.24"]
[Round "9.7"]
[White "Leisch, Lukas"]
[Black "Haldorsen, Benjamin"]
[Result "0-1"]
[BlackTitle "IM"]
[WhiteElo "2313"]
[BlackElo "2450"]
[WhiteFideId "1632094"]
[BlackFideId "1512633"]
[EventDate "2019.02.17"]

1. c4 e6 2. Nc3 d5 3. e3 Nf6 4. Nf3 dxc4 5. Bxc4 a6 6. a4 c5 7. Ne5 Bd6 8. f4
Qc7 9. O-O O-O 10. b3 b6 11. Qf3 Bb7 12. Qh3 Bxe5 13. fxe5 Qxe5 14. d4 cxd4 15.
Ne2 d3 16. Nd4 Nbd7 17. Bb2 Nc5 18. Rf4 b5 19. Raf1 bxc4 20. Rxf6 c3 21. Bxc3
Ne4 22. Ba1 Nxf6 23. Nf5 Qxf5 24. Rxf5 exf5 25. Bxf6 d2 26. Qh5 gxf6 0-1

[Event "Graz Open A 2019"]
[Site "Graz AUT"]
[Date "2019.02.24"]
[Round "9.8"]
[White "Markoja, Boris"]
[Black "Xiang, Zeyu"]
[Result "1/2-1/2"]
[WhiteTitle "IM"]
[BlackTitle "IM"]
[WhiteElo "2440"]
[BlackElo "2436"]
[WhiteFideId "14608502"]
[BlackFideId "8608547"]
[EventDate "2019.02.17"]

1. d4 d5 2. c4 e6 3. g3 Nf6 4. Bg2 Bb4+ 5. Bd2 Be7 6. Nf3 O-O 7. O-O c6 8. Qc2
b6 9. Bf4 Nbd7 10. cxd5 cxd5 11. Nc3 Nh5 12. Bd2 Nhf6 13. Bf4 Nh5 14. Bd2 Nhf6
15. Bf4 Nh5 1/2-1/2

[Event "Graz Open A 2019"]
[Site "Graz AUT"]
[Date "2019.02.24"]
[Round "9.9"]
[White "Rudolf, Michal"]
[Black "Szotkowski, Jakub"]
[Result "0-1"]
[WhiteTitle "FM"]
[BlackTitle "IM"]
[WhiteElo "2331"]
[BlackElo "2345"]
[WhiteFideId "1106210"]
[BlackFideId "330590"]
[EventDate "2019.02.17"]

1. e4 c6 2. Nc3 d5 3. Nf3 Bg4 4. Be2 e6 5. d4 Nf6 6. h3 Bxf3 7. Bxf3 dxe4 8.
Nxe4 Nxe4 9. Bxe4 Nd7 10. O-O Nf6 11. Bf3 Be7 12. c4 O-O 13. b3 Qa5 14. Be3 Rfd8
15. Qc2 Rd7 16. a3 Rad8 17. b4 Qc7 18. Rfc1 h6 19. Rab1 Ne8 20. Qa4 Qb8 21. b5
cxb5 22. Rxb5 Nd6 23. Bf4 Bg5 24. Bxd6 Qxd6 25. Rd1 b6 26. c5 bxc5 27. dxc5 Qf4
28. Qb3 Rxd1+ 29. Bxd1 Qd2 30. Bf3 Qe1+ 31. Kh2 Bf4+ 0-1

[Event "Graz Open A 2019"]
[Site "Graz AUT"]
[Date "2019.02.24"]
[Round "9.10"]
[White "Liu, Zhaoqi"]
[Black "Christiansen, Johan-Sebastian"]
[Result "0-1"]
[BlackTitle "GM"]
[WhiteElo "2323"]
[BlackElo "2559"]
[WhiteFideId "8609381"]
[BlackFideId "1512668"]
[EventDate "2019.02.17"]

1. c4 e5 2. Nc3 Nf6 3. g3 Bb4 4. Bg2 O-O 5. e4 Bxc3 6. bxc3 Re8 7. Ne2 c6 8. O-O
d5 9. cxd5 cxd5 10. exd5 Nxd5 11. d4 e4 12. c4 Nb6 13. Qc2 Bg4 14. Bb2 Nc6 15.
Nf4 Rc8 16. h3 Bf5 17. g4 Bg6 18. Nxg6 hxg6 19. Bxe4 Nb4 20. Qb3 Rxe4 21. Qxb4
Rxc4 22. Qb3 Qe8 23. a4 Rxa4 24. Rxa4 Qxa4 25. Qd3 Qc6 26. Rc1 Qe6 27. Qc3 Nd5
28. Qc8+ Kh7 29. Qxe6 Rxe6 30. Kf1 Rb6 31. Rc5 Nf4 32. Rc2 a5 33. f3 Rb3 34. Bc3
a4 35. Kf2 a3 36. Ba1 Rb2 37. Bxb2 axb2 38. Rxb2 Nd3+ 39. Ke3 Nxb2 40. d5 Kg8 0-1

[Event "Graz Open A 2019"]
[Site "Graz AUT"]
[Date "2019.02.24"]
[Round "9.11"]
[White "Suta, Andraz"]
[Black "Cvitan, Ognjen"]
[Result "1/2-1/2"]
[BlackTitle "GM"]
[WhiteElo "2168"]
[BlackElo "2496"]
[WhiteFideId "14613190"]
[BlackFideId "14500086"]
[EventDate "2019.02.17"]

1. e4 c5 2. Nf3 d6 3. d4 cxd4 4. Nxd4 Nf6 5. Nc3 g6 6. Be3 Bg7 7. f3 Nc6 8. Qd2
O-O 9. Bc4 Bd7 10. O-O-O Rc8 11. Bb3 Nxd4 12. Bxd4 b5 13. Nd5 Nxd5 14. Bxg7 Kxg7
15. exd5 a5 16. a3 Kg8 17. Rhe1 Rc5 18. Qd4 b4 19. axb4 axb4 20. Qxb4 Qa8 21.
Kd2 Rb8 1/2-1/2

[Event "Graz Open A 2019"]
[Site "Graz AUT"]
[Date "2019.02.24"]
[Round "9.12"]
[White "Perske, Thore"]
[Black "Lewicki, Miroslaw"]
[Result "1/2-1/2"]
[WhiteTitle "IM"]
[BlackTitle "CM"]
[WhiteElo "2451"]
[BlackElo "2346"]
[WhiteFideId "12902195"]
[BlackFideId "1113380"]
[EventDate "2019.02.17"]

1. d4 Nf6 2. c4 e6 3. g3 d5 4. Nf3 Be7 5. Bg2 O-O 6. O-O dxc4 7. Na3 Bxa3 8.
bxa3 Nc6 9. e3 Nd5 10. Qc2 Nb6 11. Rb1 Bd7 12. Nd2 Ne7 13. Nxc4 Bc6 14. Bxc6
Nxc6 15. Rb5 Qd7 16. a4 Nxc4 17. Qxc4 b6 18. Ba3 Rfc8 19. Rc1 Na5 20. Qc2 h6 21.
Rb2 Qd5 22. Bb4 c6 23. Bxa5 Qxa5 24. Qb3 Rc7 25. Qb4 Qa6 26. a5 Rb8 27. Qd6 Rbc8
28. axb6 axb6 29. Qb4 c5 30. Qxb6 Qxb6 31. Rxb6 cxd4 32. Rxc7 Rxc7 33. exd4 Rc4
34. d5 exd5 35. Rb2 g5 36. Rd2 Ra4 37. Kf1 Kg7 38. Ke2 Ra3 39. Rxd5 Rxa2+ 1/2-1/2

[Event "Graz Open A 2019"]
[Site "Graz AUT"]
[Date "2019.02.24"]
[Round "9.13"]
[White "Milikow, Elie"]
[Black "Tomazini, Zan"]
[Result "1/2-1/2"]
[BlackTitle "IM"]
[WhiteElo "2115"]
[BlackElo "2432"]
[WhiteFideId "371281868"]
[BlackFideId "14608162"]
[EventDate "2019.02.17"]

1. e4 g6 2. d4 Bg7 3. Be3 d6 4. Nc3 a6 5. Qd2 b5 6. a3 Bb7 7. f3 Nd7 8. h4 c5 9.
h5 Rc8 10. dxc5 Nxc5 11. Bd4 e5 12. Be3 Ne7 13. O-O-O d5 14. Bxc5 Rxc5 15. exd5
Nxd5 16. Ne4 Rc8 17. hxg6 hxg6 18. Rxh8+ Bxh8 19. Qh6 Ke7 20. Qh4+ Kd7 21. Qxd8+
Rxd8 22. Nc5+ Kc6 23. Nxb7 Kxb7 24. c4 bxc4 25. Bxc4 Rc8 26. Rxd5 Rxc4+ 27. Kd2
Kc7 28. Nh3 Bf6 29. Nf2 Kc6 30. Ra5 Kb6 31. Rd5 Kc6 32. Ra5 Bg5+ 33. Ke1 Rc1+
34. Nd1 Rc2 35. Rxa6+ Kb7 36. Rd6 Bh4+ 37. Kf1 Kc7 38. Rd3 Kb6 39. Ne3 Rf2+ 40.
Kg1 Re2 41. Kh2 Bg5 42. Nd5+ Kc6 43. Nb4+ Kc7 44. Nd5+ Kc6 45. Nb4+ Kb6 46. Rd7
f6 47. Rg7 Rxb2 48. Rxg6 Rd2 49. Kh3 Kb5 50. g3 Rd6 51. Kg4 Bc1 52. Kf5 Bxa3 53.
Rxf6 Bxb4 54. Rxd6 Bxd6 55. f4 exf4 56. gxf4 Bxf4 1/2-1/2

[Event "Graz Open A 2019"]
[Site "Graz AUT"]
[Date "2019.02.24"]
[Round "9.14"]
[White "Nguyen, Piotr"]
[Black "Danner, Georg"]
[Result "1-0"]
[WhiteTitle "IM"]
[BlackTitle "IM"]
[WhiteElo "2420"]
[BlackElo "2333"]
[WhiteFideId "1127993"]
[BlackFideId "1600303"]
[EventDate "2019.02.17"]

1. Nf3 c5 2. b3 g6 3. Bb2 Nf6 4. c4 Bg7 5. g3 O-O 6. Bg2 Nc6 7. O-O d5 8. cxd5
Nxd5 9. Bxg7 Kxg7 10. d4 cxd4 11. Nxd4 Nxd4 12. Qxd4+ Nf6 13. Qe5 Qb6 14. Nc3
Be6 15. Na4 Qb4 16. Nc5 Bd5 17. Qxe7 Qb6 18. Bxd5 Rae8 19. Qxb7 Qxc5 20. Bf3 Re7
21. Qa6 Rd8 22. Rac1 Qf5 23. Qa3 Red7 24. Qc5 Qe6 25. Kg2 h5 26. h4 Ne4 27. Qc6
Nd6 28. Rfd1 Rc8 29. Qd5 Qxd5 30. Bxd5 Rxc1 31. Rxc1 Nf5 32. Rc5 Kf6 33. e4 Nh6
34. f3 Ke7 35. Kf2 f5 36. Ke3 fxe4 37. Bxe4 1-0

[Event "Graz Open A 2019"]
[Site "Graz AUT"]
[Date "2019.02.24"]
[Round "9.15"]
[White "Ankit, R. Rajpara"]
[Black "Modler, Andreas"]
[Result "1-0"]
[WhiteTitle "GM"]
[WhiteElo "2451"]
[BlackElo "2270"]
[WhiteFideId "5023335"]
[BlackFideId "24645877"]
[EventDate "2019.02.17"]

1. d4 Nf6 2. c4 e6 3. Nc3 d5 4. Nf3 dxc4 5. e4 Bb4 6. Bxc4 Nxe4 7. O-O Nxc3 8.
bxc3 Be7 9. Ne5 O-O 10. Qg4 f5 11. Qf3 Bd6 12. Re1 Nc6 13. Nxc6 bxc6 14. Qxc6
Rb8 15. Qf3 Qf6 16. Bf4 Kh8 17. Be5 Qf7 18. Qf4 Rb6 19. Re3 Bd7 20. Rae1 Rfb8
21. h3 a5 22. Bxd6 Rxd6 23. Re5 a4 24. Ra5 h6 25. Ra7 Be8 26. Re5 Bc6 27. Kh2
Rb2 28. Re2 Rxe2 29. Bxe2 Qd7 30. Qe5 Qd8 31. f3 Qb8 32. Qa5 Rd7 33. Ra6 Rd6 34.
Qc5 Bd7 35. Rxd6 cxd6 36. Qb4 Qc7 37. Kg1 e5 38. dxe5 dxe5 39. c4 Qd8 40. Qd6
Qe8 41. c5 e4 42. fxe4 fxe4 43. Kf2 e3+ 44. Ke1 Bf5 45. Bf3 Kh7 46. Ke2 Bb1 47.
c6 Bxa2 48. Qd3+ Kh8 49. c7 Bg8 50. Bg4 Qc6 51. c8=Q Qxg2+ 52. Kxe3 Qg1+ 53. Kd2
Qf2+ 54. Kc1 Qe1+ 55. Bd1 Qb4 56. Qcc3 1-0

[Event "Graz Open A 2019"]
[Site "Graz AUT"]
[Date "2019.02.24"]
[Round "9.16"]
[White "Eggleston, David J"]
[Black "Alinasab, Mobina"]
[Result "1/2-1/2"]
[WhiteTitle "IM"]
[BlackTitle "WIM"]
[WhiteElo "2390"]
[BlackElo "2256"]
[WhiteFideId "412120"]
[BlackFideId "12528897"]
[EventDate "2019.02.17"]

1. e4 c5 2. Nf3 d6 3. d4 cxd4 4. Nxd4 Nf6 5. Nc3 a6 6. h3 Nc6 7. Be3 g6 8. g4
Nxd4 9. Bxd4 Bh6 10. Qd3 e5 11. Be3 Bxe3 12. Qxe3 h5 13. g5 Nh7 14. h4 Be6 15.
O-O-O Qc7 16. f4 exf4 17. Qxf4 Rd8 18. Rh2 O-O 19. Rhd2 f6 20. gxf6 Nxf6 21. Qg5
Kg7 22. Be2 Rd7 23. Qg3 Rfd8 24. Rg1 Ng4 25. Nd5 Qa5 26. a3 Rf8 27. Nf4 Qe5 28.
Nxe6+ Qxe6 29. Bxg4 hxg4 30. Qxg4 Qxg4 31. Rxg4 Rf1+ 32. Rd1 Rxd1+ 33. Kxd1 Kh6
34. Ke2 Rf7 35. c4 Rf6 36. b4 Kh5 37. e5 dxe5 38. Re4 Re6 39. Kf3 g5 40. hxg5
Kxg5 41. Rg4+ Kf5 42. Rg7 e4+ 43. Ke3 b6 44. Rf7+ Ke5 45. Rf4 Kd6 46. Rxe4 Rh6
47. Rf4 Kc6 48. Kd4 Rd6+ 49. Kc3 Rh6 50. a4 Rh7 51. Rf6+ Kb7 52. Kd4 Rd7+ 53.
Ke5 Rd1 54. Rf7+ Kb8 55. c5 bxc5 56. bxc5 a5 57. Rf4 Kc7 58. Rd4 Rh1 59. Kd5 Rc1
60. Rd2 Ra1 61. Rd4 Rc1 62. Rh4 Rd1+ 63. Kc4 Rb1 64. Rh7+ Kc6 65. Rh6+ Kc7 66.
Ra6 Rb4+ 67. Kd5 Rxa4 68. Ra7+ Kb8 69. Rh7 Rg4 70. Kc6 Rg6+ 71. Kb5 Rf6 72. Kxa5
Rg6 73. Kb5 Rf6 74. c6 Rf1 1/2-1/2

[Event "Graz Open A 2019"]
[Site "Graz AUT"]
[Date "2019.02.24"]
[Round "9.17"]
[White "Navalgund, Niranjan"]
[Black "Frank, Emanuel"]
[Result "1/2-1/2"]
[WhiteTitle "FM"]
[WhiteElo "2359"]
[BlackElo "2248"]
[WhiteFideId "5030854"]
[BlackFideId "1625624"]
[EventDate "2019.02.17"]

1. d4 d5 2. Bf4 Nf6 3. e3 e6 4. Nd2 c5 5. c3 Bd6 6. Bg3 Qc7 7. Ngf3 Nbd7 8. Bd3
O-O 9. Bh4 b6 10. e4 cxd4 11. cxd4 dxe4 12. Nxe4 Nxe4 13. Bxe4 Bb7 14. Rc1 Qb8
15. Qe2 Bb4+ 16. Kd1 Bxe4 17. Qxe4 Nf6 18. Bxf6 gxf6 19. d5 Bc5 20. b4 Be7 21.
Nd4 Qd6 22. Nc6 f5 23. Qd4 exd5 24. Nxe7+ Qxe7 25. Re1 Qd6 26. Re5 Qd7 27. Rc3
Qa4+ 28. Rb3 Rae8 29. Rxf5 Re6 30. Rg5+ Rg6 31. Qxd5 Qxa2 32. Rxg6+ hxg6 33. Rd3
Qb1+ 34. Ke2 Qb2+ 35. Kf3 Qxb4 36. g4 Rc8 37. Qd7 Qc4 38. Rd5 Qc3+ 39. Kf4 Qc7+
40. Kg5 Qxd7 41. Rxd7 a5 42. Rb7 Rc6 43. Kh6 Kf8 44. h4 Rf6 45. Rb8+ Ke7 46.
Rb7+ Kf8 47. Rb8+ Ke7 48. Rb7+ Kf8 49. Rb8+ Ke7 50. Kg7 Rxf2 51. Rb7+ Kd6 52.
Rxb6+ Kc5 53. Rb8 Rf4 54. h5 Rxg4 55. h6 Rh4 56. h7 g5 57. h8=Q Rxh8 58. Kxh8 f5
59. Kg7 f4 60. Kf6 f3 61. Kxg5 a4 62. Kf4 f2 63. Rb1 a3 64. Ke3 a2 65. Rf1 Kc4
66. Kd2 Kb3 67. Kd3 Kb2 68. Rxf2+ Kb1 69. Kc4 a1=Q 70. Rf1+ Kb2 71. Rxa1 Kxa1 1/2-1/2

[Event "Graz Open A 2019"]
[Site "Graz AUT"]
[Date "2019.02.24"]
[Round "9.18"]
[White "Kozak, Antoni"]
[Black "Sarvadh, Sathiaram"]
[Result "1-0"]
[WhiteElo "2346"]
[BlackElo "1970"]
[WhiteFideId "21832030"]
[BlackFideId "46636579"]
[EventDate "2019.02.17"]

1. d4 Nf6 2. c4 g6 3. Nf3 Bg7 4. e3 O-O 5. Be2 c5 6. d5 d6 7. Nc3 e6 8. Nd2 exd5
9. cxd5 b6 10. O-O Na6 11. e4 Re8 12. f4 Nc7 13. Re1 Nd7 14. Bf3 Rb8 15. Nc4 Qf6
16. e5 dxe5 17. Ne4 Qd8 18. Ned6 Rf8 19. Nxc8 Rxc8 20. fxe5 b5 21. e6 fxe6 22.
dxe6 Bd4+ 23. Be3 bxc4 24. Bxd4 Nxe6 25. Bd5 cxd4 26. Bxe6+ Kh8 27. Qxd4+ Nf6
28. Qxd8 Rcxd8 29. Bxc4 Rd2 30. Re2 Rfd8 31. Rae1 Ng4 32. g3 Rxe2 33. Rxe2 a5
34. b3 Nh6 35. Re5 Rd1+ 36. Kg2 a4 37. bxa4 Ng4 38. Re2 Rd4 39. Bb3 Rd3 40. a5
Ne3+ 41. Kf3 Nf5+ 42. Kf4 Rd6 43. Re6 Rd7 44. Rb6 Ra7 45. a6 1-0

[Event "Graz Open A 2019"]
[Site "Graz AUT"]
[Date "2019.02.24"]
[Round "9.20"]
[White "Ahluwalia, Amardip"]
[Black "Molnar, Bela"]
[Result "0-1"]
[BlackTitle "IM"]
[WhiteElo "2115"]
[BlackElo "2307"]
[WhiteFideId "437085"]
[BlackFideId "704318"]
[EventDate "2019.02.17"]

1. c4 b6 2. Nf3 c5 3. Nc3 Bb7 4. g3 Bxf3 5. exf3 Nc6 6. Bg2 g6 7. O-O Bg7 8. d3
Rc8 9. Be3 Nh6 10. Rb1 Nf5 11. Ne2 h5 12. Re1 e6 13. a3 a5 14. Nc3 h4 15. Nb5
hxg3 16. fxg3 Nxe3 17. Rxe3 Qe7 18. Re1 Nd4 19. Nc3 f5 20. f4 Kf7 21. h4 Qd6 22.
Qd2 Bf6 23. Rbd1 Kg7 24. Rf1 Qb8 25. a4 Qd6 26. Rfe1 Rce8 27. Rb1 e5 28. Nd5
exf4 29. Nxf4 Be5 30. Kf1 Nb3 31. Qc2 Bxf4 32. Qxb3 Bxg3 33. Rxe8 Qf4+ 0-1

[Event "Graz Open A 2019"]
[Site "Graz AUT"]
[Date "2019.02.24"]
[Round "9.22"]
[White "Murko, David"]
[Black "Szustakowski, Antoni"]
[Result "1-0"]
[BlackTitle "FM"]
[WhiteElo "2168"]
[BlackElo "2301"]
[WhiteFideId "14613891"]
[BlackFideId "1167677"]
[EventDate "2019.02.17"]

1. e4 c5 2. Nf3 d6 3. d4 cxd4 4. Nxd4 Nf6 5. Nc3 a6 6. Bg5 e6 7. f4 h6 8. Bh4
Qb6 9. Qd3 Qxb2 10. Rb1 Qa3 11. Bxf6 gxf6 12. f5 Qc5 13. fxe6 fxe6 14. Be2 h5
15. Na4 Qa5+ 16. Nc3 Nc6 17. Nxc6 bxc6 18. O-O Be7 19. Kh1 Bd7 20. Rb7 Rd8 21.
Ra7 Qe5 22. Rxa6 Kf7 23. Ra7 d5 24. exd5 exd5 25. Rf3 Bd6 26. g3 h4 27. Rf5 hxg3
28. Rxe5 Rxh2+ 29. Kg1 Bc5+ 30. Qe3 Bxa7 31. Qxa7 fxe5 32. Qc7 Ke7 33. Qxe5+ Be6
34. Qg5+ Ke8 35. Qxg3 Rh3 36. Qe5 Kd7 37. Na4 Rg8+ 38. Kf2 Rh6 39. Nc5+ Ke7 40.
Qc7+ Kf8 41. Qd6+ Kf7 42. Nxe6 Rf6+ 43. Bf3 Rxe6 44. Bh5+ Kf6 45. Qf4+ Ke7 46.
Qf7+ 1-0